Modrá ekonomika v Oceánii

Modrá ekonomika oceánov a morí ako alternatívna cesta rozvoja oblastí v Oceánii, ktoré sú ohrozené stúpajúcou hladinou svetových oceánov a zároveň patria medzi hospodársky slabo-výkonné svetové regióny. Akvakultúra a dôležitosť jej rozvoja pre úspešný hospodársky rozvoj nielen mikro-regiónov, ale aj...

Full description

Saved in:
Bibliographic Details
Main Author: Dziura, Boris, 1976-
Format: Book Chapter
Language:Slovak
Subjects:
Tags: Add Tag
No Tags, Be the first to tag this record!

MARC

LEADER 00000nla a2200000 4500
001 0223026
005 20240502073641.0
041 0 |a slo 
044 |a SK 
245 1 0 |a Modrá ekonomika v Oceánii  |c Boris Dziura 
520 |a Modrá ekonomika oceánov a morí ako alternatívna cesta rozvoja oblastí v Oceánii, ktoré sú ohrozené stúpajúcou hladinou svetových oceánov a zároveň patria medzi hospodársky slabo-výkonné svetové regióny. Akvakultúra a dôležitosť jej rozvoja pre úspešný hospodársky rozvoj nielen mikro-regiónov, ale aj celých štátov. Rastúci trend ako v produktivite tak aj v počte zamestnancov pracujúcich v danej oblasti. 
610 2 0 |a Oceánia 
610 2 0 |a rozvoj hospodársky 
610 2 0 |a more 
610 2 0 |a zamestnanosť 
100 1 |a Dziura, Boris, 1976-